| 000 | 00992cam a2200265 a 4500 | ||
|---|---|---|---|
| 001 | 12196580 | ||
| 003 | PILC | ||
| 005 | 20150112093444.0 | ||
| 008 | 001005s1998 flu d 000 0 eng | ||
| 010 | _a 00708457 | ||
| 020 | _a1582794200 | ||
| 040 |
_aDLC _cDLC _dDLC |
||
| 050 | 0 | 0 |
_aPE 1591 _b.N532 2000 |
| 082 | 0 | 0 |
_aR 011.02 _bN42 2000 |
| 110 |
_aTrident Press International _920996 |
||
| 245 | 0 | 4 | _aThe new international Webster's pocket thesaurus of the English language / |
| 246 | 3 | 0 | _aWebster's pocket thesaurus |
| 260 |
_a[Naples, Fla.] : _bTrident Press International, _xyz2000. |
||
| 300 |
_a318 pages : _c17 cm. |
||
| 650 | 0 |
_aEnglish language _xSynonyms and antonyms. _921793 |
|
| 710 | 2 |
_aTrident Press International. _920996 |
|
| 906 |
_a7 _bcbc _corignew _d2 _encip _f20 _gy-gencatlg |
||
| 942 |
_2lcc _cBK |
||
| 999 |
_c14867 _d14867 |
||